Learn Microsoft Word 7.0 for windows 95 in a day (Record no. 4327)

MARC details
000 -LEADER
fixed length control field 00417nam a22001697a 4500
005 - DATE AND TIME OF LATEST TRANSACTION
control field 20180206125149.0
008 - FIXED-LENGTH DATA ELEMENTS--GENERAL INFORMATION
fixed length control field 160627b xxu||||| |||| 00| 0 eng d
020 ## - INTERNATIONAL STANDARD BOOK NUMBER
ISBN 81-7029-707-9
041 ## - LANGUAGE CODE
Language code of text/sound track or separate title eng
082 ## - DEWEY DECIMAL CLASSIFICATION NUMBER
Item number 10675
Classification number 005.3
100 ## - MAIN ENTRY--AUTHOR NAME
Personal name Stultz. Russell A
245 ## - TITLE STATEMENT
Title Learn Microsoft Word 7.0 for windows 95 in a day
260 ## - PUBLICATION, DISTRIBUTION, ETC. (IMPRINT)
Name of publisher BPB
Year of publication 1996
300 ## - PHYSICAL DESCRIPTION
Number of Pages 154
440 ## - SERIES STATEMENT/ADDED ENTRY--TITLE
Title Management
942 ## - ADDED ENTRY ELEMENTS (KOHA)
Koha item type Books
Holdings
Lost status Damaged status Collection code Home library Current library Shelving location Date acquired Cost, normal purchase price Full call number Accession Number Koha item type
    CS/IT JRU Library JRU Library SHELF-75-L 27/06/2016 45.00 10675 10675 Books